00942cam a2200277 a 45000010008000000030005000080050017000130080041000300100017000710200027000880380011001150400018001260500028001440820013001721000037001852450035002222500012002572600048002693000021003176500040003388560089003789060045004679420012005129990019005249520121005431686749Nust20220829123002.0990623s2000 mau 000 1 eng  a 99037054  a9780752837161cRs. 516 aArshad aDLCcDLCdDLC00aPS3553.O51165bV65 200000a823bCON1 aConnelly, Michael,d1956-91206610aVoid moon /cMichael Connelly. a1st ed. aBoston :bLittle, Brown and Company,c2000. a407 p. ;c24 cm. aDetective and mystery stories98228423Publisher descriptionuhttp://www.loc.gov/catdir/enhancements/fy1004/99037054-d.html a7bcbccorignewd1eocipf19gy-gencatlg 2ddccBK c174431d174431 00102ddc4070aCLbCLcFICd2017-01-25l1m1o823CONpCL501q2025-12-06r2025-11-06s2025-11-06t1w2017-01-25yBK